| Tag |
First Indicator |
Second Indicator |
Subfields |
| LEADER |
00000cam a2200000 a 4500 |
| 001 |
in00000008719 |
| 005 |
20151003090009.0 |
| 008 |
870102s1987 nyua 00010 eng |
| 010 |
|
|
|a 86032302
|
| 020 |
|
|
|a 0877959005
|
| 035 |
|
|
|a (OCoLC)15083661
|
| 035 |
|
|
|9 AAA1121AM
|
| 040 |
|
|
|a DLC
|c DLC
|d OCL
|d TXA
|d UtOrBLW
|
| 043 |
|
|
|a e-ur---
|
| 050 |
0 |
0 |
|a GV711.5
|b .Y47 1987
|
| 082 |
0 |
|
|a 613.7/0947
|2 19
|
| 100 |
1 |
|
|a Yessis, Michael.
|
| 245 |
1 |
4 |
|a The secrets of Soviet sports fitness and training /
|c Michael Yessis with Richard Trubo.
|
| 264 |
|
1 |
|a New York :
|b Arbor House,
|c [1987]
|
| 264 |
|
4 |
|c ©1987
|
| 300 |
|
|
|a v, 200 pages :
|b illustrations ;
|c 25 cm.
|
| 336 |
|
|
|a text
|b txt
|2 rdacontent
|
| 337 |
|
|
|a unmediated
|b n
|2 rdamedia
|
| 338 |
|
|
|a volume
|b nc
|2 rdacarrier
|
| 650 |
|
0 |
|a Physical education and training
|z Soviet Union.
|
| 700 |
1 |
|
|a Trubo, Richard.
|
| 999 |
|
|
|a MARS
|
| 999 |
f |
f |
|s edf6aad2-2ac7-31f1-a9f3-605e1185be53
|i 3d6e94f3-4406-300c-875a-300817e92c73
|t 0
|
| 952 |
f |
f |
|p normal
|a Texas A&M University
|b College Station
|c Sterling C. Evans Library
|d Evans: Library Stacks
|t 0
|e GV711.5 .Y47 1987
|h Library of Congress classification
|i unmediated -- volume
|m A14812630630
|
| 998 |
f |
f |
|a GV711.5 .Y47 1987
|t 0
|l Evans: Library Stacks
|